| 000 | 00404nam a22001577a 4500 | ||
|---|---|---|---|
| 003 | NUST | ||
| 020 | _a 9787508541891 | ||
| 038 | _aKhadija | ||
| 082 |
_a324.251075 _bSHU |
||
| 100 |
_aShumei Zhao _986509 |
||
| 245 |
_aThe Communist Party of China and Contemporary China / _cShumei Zhao |
||
| 260 |
_achina Intercontinental press _bChina _c2019 |
||
| 300 | _a 251p | ||
| 563 | _aPB | ||
| 942 |
_2ddc _cBK |
||
| 999 |
_c587356 _d587356 |
||